Το αίνιγμα

Αποθηκεύτηκε σε:
Λεπτομέρειες βιβλιογραφικής εγγραφής
Κύριος συγγραφέας: Σκαρτσής, Σωκράτης Λ. 1936-
Μορφή: Βιβλίο
Γλώσσα:Greek
Δημοσίευση: Αθήνα : Ελληνικά Γράμματα, 1994
Σειρά:Λαική λογοτεχνία ; ; 3
Θέματα:
Ετικέτες: Προσθήκη ετικέτας
Δεν υπάρχουν, Καταχωρήστε ετικέτα πρώτοι!

MARC

LEADER 00000nam a2200000 i 4500
001 1/71007
008 990301s1994 gre d
020 |a 960-344-043-4 
035 |l 10048232 
040 |a GR-MY-UA  |b gre  |e aacr 
041 0 |a gre 
082 0 |a 889.108 
100 1 |a Σκαρτσής, Σωκράτης Λ.  |d 1936- 
245 1 3 |a Το αίνιγμα /  |c Σωκράτης Λ.Σκάρτσης 
260 |a Αθήνα :   |b Ελληνικά Γράμματα,   |c 1994 
300 |a 170 σ. 
490 1 |a Λαική λογοτεχνία  |v ; 3 
650 0 0 |a Greek poetry. 
650 0 0 |a Poetry  |x Collections. 
650 0 0 |a Greek poetry  |x History and criticism. 
830 0 |a Λαική λογοτεχνία ;  |v ; 3 
852 |a INST  |b RHODES  |e 19990319  |h 889.108 ΣΚΑ  |p 005400015430  |q 005400015430  |t BK  |y 0 
852 |a INST  |b RHODES  |e 19990301  |h 889.108 ΣΚΑ  |p 005400015512  |q 005400015512  |t BK  |y 0 
901 |a BIBL-1999-1 
909 |a Ρ  |b 056477  |c 1998 
909 |a Ρ  |b 064327  |c 1999 
922 |a 4ΕΛΗ  |b 199805  |c ΚΠΣ/Ν 
922 |a 4ΔΩΡ  |b 199903 
970 |z 2000/06/ΟΙΚΟΝΟΜΟΠΟΥΛΟΥ (SUBJECT)